All Current Miraculous Holders - Statistics

General Stats
  • This quiz has been taken 30 times
  • The average score is 37 of 75
Answer Stats
% Correct
Creation Ladybug
100%
Creation Marinette Dupain-Cheng
95%
Creation Tikki
95%
Destruction Adrien Agreste
90%
Destruction Cat Noir
90%
Destruction Plagg
90%
Illusion Alya Césaire
81%
Transmission Cerise Bianca/Lila Rossi
81%
Emotion Félix Fathom
76%
Protection Nino Lahiffe
76%
Illusion Trixx
76%
Action Zoé Lee
76%
Evolution Alix Kubdel
71%
Elation Juleka Couffaine
71%
Perfection Kagami Tsurugi
71%
Intuition Luka Couffaine
71%
Multiplication Mylène Haprèle
71%
Transmission Nooroo
71%
Illusion Rena Rouge
71%
Jubilation Rose Lavillant
71%
Derision Lê Chiến Kim
67%
Migration Max Kanté
67%
Passion Nathaniel Kurtzberg
67%
Adoration Sabrina Raincomprix
67%
Action Pollen
62%
Protection Wayzz
62%
Destruction Cat Blanc/Ephemeral
57%
Determination Ivan Bruel
57%
Pretension Marc Anciel
57%
Protection Carapace
52%
Multiplication Mullo
52%
Multiplication Polymouse
52%
Action Vesperia/Fury
52%
Evolution Bunnyx
48%
Emotion Duusu
48%
Evolution Fluff
48%
Perfection Longg
48%
Elation Purple Tigress
48%
Elation Roaar
48%
Intuition Sass
48%
Transmission Chrysalis
43%
Migration Kaalki
43%
Jubilation Pigella
43%
Perfection Ryuko
43%
Derision Xuppu
43%
Adoration Barkk
38%
Creation Heartfixer
38%
Derision King Monkey
38%
Illusion Lady Wifi/Oblivio
38%
Emotion Argos
33%
Migration Pegasus
33%
Elation Reflekta
33%
Determination Stompp
33%
Intuition Viperion
33%
Protection Bubbler/Shell Shock/Oblivio/Rocketear
29%
Passion Caprikid
29%
Jubilation Daizzi
29%
Jubilation Princess Fragrance
29%
Action Sole Crusher
29%
Determination Stoneheart
29%
Transmission Volpina/Chameleon/Hoaxer/Timestalker/Spectral Looter
29%
Migration Gamer
24%
Multiplication Horrificator
24%
Adoration Miss Hound
24%
Intuition Silencer/Truth
24%
Derision Dark Cupid/Dark Humor
19%
Passion Evillustrator
19%
Pretension Orikko
19%
Pretension Reverser
19%
Perfection Riposte/Oni-Chan/Lies/Ryukomori/Riposte Prime
19%
Evolution Timebreaker
19%
Adoration Vanisher/Miraculer
19%
Passion Ziggy
19%
Determination Minotaurox
14%
Pretension Rooster Bold
14%
No matching quizzes found
Score Distribution
Percent of People with Each Score
Percentile by Number Answered
Your Score History
You have not taken this quiz